00417nam a22001457a 4500003000200000005001700002008004100019022002200060050002100082245003900103260004100142300003800183500002500221650002500246020230922120638.0230922b xxu||||| |||| 00| 0 eng d 2978-0-72328-185-6 aPZ 5 b.H36 2012 aLadybird tales : Hansel and Gretel aLondonbLadybird Books Ltd. cc2012. a42 pages :bcol. ill. ; c20 cm.  aChildren's stories.  aChildren's stories.